Loading...
Auditory Arts | 8 | 17.50 | 100% | 50% | 25% |
Beliefs | 10 | 17.00 | 100% | 50% | 20% |
Current Events | 3 | 16.67 | 100% | 33% | 33% |
Fine Arts - Other Arts | 6 | 16.67 | 83% | 67% | 17% |
History - American History | 8 | 17.50 | 88% | 38% | 50% |
History - Ancient History | 6 | 16.67 | 83% | 67% | 17% |
History - European History | 7 | 20.00 | 100% | 86% | 14% |
History - Other History | 3 | 20.00 | 100% | 100% | 0% |
History - World History | 5 | 20.00 | 100% | 60% | 40% |
Literature - American Literature | 6 | 15.00 | 100% | 50% | 0% |
Literature - British Literature | 7 | 18.57 | 100% | 71% | 14% |
Literature - European Literature | 5 | 18.00 | 100% | 40% | 40% |
Literature - World Literature | 9 | 20.00 | 100% | 67% | 33% |
Other Academic | 3 | 20.00 | 100% | 67% | 33% |
Philosophy | 7 | 24.29 | 86% | 100% | 57% |
Science - Biology | 7 | 18.57 | 100% | 71% | 14% |
Science - Chemistry | 5 | 18.00 | 100% | 80% | 0% |
Science - Other Science | 6 | 18.33 | 100% | 83% | 0% |
Science - Physics | 3 | 13.33 | 67% | 67% | 0% |
Social Science | 10 | 22.00 | 100% | 80% | 40% |
Visual Arts | 3 | 13.33 | 100% | 0% | 33% |